MARC

LEADER 00000nam0a2200000 4500
001 329091
005 20231102004127.0
035 |a (RuTPU)RU\TPU\book\354833 
090 |a 329091 
100 |a 20170306d1978 km y0rusy50 ca 
101 0 |a rus 
102 |a RU 
105 |a a z 001zy 
200 1 |a Опыт разработки автоматизированной системы управления хозяйством области  |e [сборник]  |f под ред. Ф. И. Перегудова 
210 |a Томск  |c Изд-во Томского ун-та  |d 1978 
215 |a 96 с.  |c ил. 
320 |a Библиография в конце статей 
606 1 |a Автоматизированные системы планирования и управления  |2 stltpush  |3 (RuTPU)RU\TPU\subj\615  |9 29488 
610 1 |a АСУ 
610 1 |a разработка 
610 1 |a области 
610 1 |a хозяйство 
610 1 |a вычислительные системы 
610 1 |a каналы связи 
610 1 |a программное обеспечение 
610 1 |a динамическое программирование 
610 1 |a программное управление 
610 1 |a кодирование 
610 1 |a рефераты 
610 1 |a статьи 
610 1 |a сборники 
675 |a 658.012.011.56  |v 4 
702 1 |a Перегудов  |b Ф. И.  |c российский государственный и партийный деятель  |c радиотехник, доктор технических наук, профессор  |c ректор Томского института автоматизированных систем управления и радиоэлектроники (ТИАСУР)  |f 1931-1990  |g Феликс Иванович  |2 stltpush  |3 (RuTPU)RU\TPU\pers\11824  |4 340 
801 1 |a RU  |b 63413507  |c 20170306 
801 2 |a RU  |b 63413507  |c 20220203  |g RCR 
942 |c BK